000 01610nam a22003857a 4500
003 CHAP
005 20220329143732.0
008 110503s2011 mx r 00010 spa d
010 _a101118
011 _a102090
035 _a112778
040 _cCHAP
090 _aTesis
100 1 _aFlorentino del Ángel, Santos.
_941356
245 1 0 _aDetención de virus transmitidos por semilla en (Physalis Ixocarpa Boot.) y su respuesta a termoterapia, en Chapingo, México
_h[En línea]
_c/por Santos Florentino del Ángel
260 _aChapingo, Méx. :
_bEl autor,
_c2011
500 _aPara ver el contenido del material haga clic en la liga
502 _aTesis (Ing. Agr. Esp. en Parasitología Agrícola) -- UACH. Departamento de Parasitología Agrícola
590 _aALEPH
_b10
_c20130110
_lUCH01
_h1540
590 _aBATCH-UPD
_b10
_c20130110
_lUCH01
_h1736
590 _aBATCH-UPD
_b10
_c20130410
_lUCH01
_h1116
590 _aBATCH-UPD
_b10
_c20130914
_lUCH01
_h1426
590 _aBATCH-UPD
_b10
_c20140324
_lUCH01
_h1525
590 _aBATCH-UPD
_b10
_c20141002
_lUCH01
_h0849
590 _aCONVERSION
_b10
_c20130109
_lUCH01
_h1356
650 1 4 _aSemillas
_xEnfermedades por virus.
_9103900
650 1 4 _aTemperatura
_xEfecto en semillas.
_9112222
650 1 4 _aTomate verde.
_9113796
650 1 4 _aTomate verde
_zMéxico (Edo.).
_9113846
856 _3Finding aid
_uhttp://10.13.5.2/tesis/112778.pdf
_zTeclea aqui
901 _aBK
942 _cFOLL
949 _aTesis
_bBC
_cTES
_d33724002256470
_eTS1
_gDonaciØn
_h52207
_i112778
_st
949 _aTesis
_bBC
_cTES
_d33724002256512
_eTS2
_fc.2
_gDonaciØn
_h52208
_i112778
_st
999 _c101118
_d101118